Malé a střední podniky: konkurence a aliance v Evropské unii
Enregistré dans:
| Auteur principal: | |
|---|---|
| Autres auteurs: | |
| Format: | Livre |
| Langue: | tchèque |
| Publié: |
Praha
Management Press
2004
|
| Collection: | Malé a střední podnikání
|
| Sujets: | |
| Tags: |
Pas de tags, Soyez le premier à ajouter un tag!
|
MARC
| LEADER | 00000nam$a2200000$$$4500 | ||
|---|---|---|---|
| 001 | 0009534 | ||
| 005 | 20240306141502.8 | ||
| 020 | |a 80-7261-099-6 | ||
| 041 | 0 | |a cze | |
| 044 | |a CZ | ||
| 245 | 1 | 0 | |a Malé a střední podniky: |b konkurence a aliance v Evropské unii |c Leo Vodáček & Oľga Vodáčková |
| 264 | 1 | |a Praha |b Management Press |c 2004 | |
| 300 | |a 192 s. | ||
| 490 | 1 | |a Malé a střední podnikání | |
| 830 | 0 | |a Malé a střední podnikání | |
| 610 | 2 | 0 | |a podnik malý |
| 610 | 2 | 0 | |a podnik stredný |
| 610 | 2 | 0 | |a Európska únia |
| 610 | 2 | 0 | |a Česko |
| 610 | 2 | 0 | |a konkurencia |
| 610 | 2 | 0 | |a súťaž hospodárska |
| 610 | 2 | 0 | |a aliancie strategické |
| 100 | 1 | |a Vodáček, Leo | |
| 700 | 1 | |a Vodačkova, Ol'ga | |